000 00733nam a22002177a 4500
003 LK-CoDNM
005 20241112113434.0
008 241015b |||||||| |||| 00| 0 eng d
040 _aLK-CoDNM
_dLK-CoDNM
_eLK-CoDNM
041 _asin
_hEnglish
080 _aප්‍ර.ස
_b175.1
245 _aසෝවියට් දේශය-1964
_b1 කාණ්ඩය 7 කලාපය
260 _c1964
_aකොළඹ
_bසමූපකාර මුද්‍රණාලය
300 _b32p. : ill ; 26 cm
650 _aසෝවියට් දේශය-1964
650 _a1 කාණ්ඩය 7 කලාපය
650 _aමාසික සගරාව
650 _aප්‍ර.ස 175.1
650 _a1964
942 _cBK
999 _c229231
_d229231